000 00386nam a22001577a 4500
999 _c8201
_d8201
003 GBCCL
005 20241126110645.0
008 190712b ||||| |||| 00| 0 eng d
040 _cGBC
082 _a248
_bPOO
100 _aPoonen, Zac
_96850
245 _aGaining God's approval:
_bthe purpose of testing
260 _aMadras:
_bZac Poonen,
_c1983
300 _a47p. ;
942 _2ddc
_cBK